| 000 | 00971nam a22002655a 4500 | ||
|---|---|---|---|
| 001 | 17906594 | ||
| 005 | 20201128023829.0 | ||
| 008 | 131017t2013 gw a frb 100 eng d | ||
| 020 | _a9783642420009 | ||
| 020 | _a3642420001 | ||
| 040 |
_aDLC _beng _cDLC _dEG-ScBUE |
||
| 082 | 0 | 4 |
_222 _a005.1 _bNUM |
| 245 | 0 | 0 |
_aNumber theory and cryptography : _bpapers in honor of Johannes Buchmann on the occasion of his 60th birthday / _c[edited by] Marc Fischlin, Stefan Katzenbeisser. |
| 260 |
_aBerlin : _bSpringer-Verlag, _cc.2013. |
||
| 300 |
_axii, 280 p. : _bill. ; _c24 cm. |
||
| 490 | 0 |
_aLecture notes in computer science ; _v8260. |
|
| 504 | _aIncludes bibliographical references and index. | ||
| 650 | 7 |
_2BUEsh _92635 _aData encryption (Computer science) |
|
| 650 | 7 |
_911175 _aComputational complexity. _2BUEsh |
|
| 651 | _2BUEsh | ||
| 653 |
_bCOMSCI _cSeptember2016 |
||
| 700 |
_aFischlin, Marc, _eeditor. |
||
| 700 |
_aKatzenbeisser, Stefan, _eeditor. |
||
| 942 | _2ddc | ||
| 999 |
_c22343 _d22315 |
||